| 000 | 01137nam a22002057a 4500 | ||
|---|---|---|---|
| 999 |
_c58160 _d58160 |
||
| 003 | Ge_BSU | ||
| 005 | 20210714121622.0 | ||
| 008 | 210714s2020 ge ||||| |||| 00| 0 geo d | ||
| 041 | _ageo | ||
| 080 | _a342.47.58 ე-76 | ||
| 100 |
_aერემაძე, ქეთევან _92904 |
||
| 245 |
_aძირითადი უფლებები თავისუფლებისთვის : _b[სახელმძღვანელო] / _c ქეთევან ერემაძე. |
||
| 264 |
_aთბილისი, _c2020. |
||
| 300 |
_a312 გვ. ; _b20 სმ. |
||
| 500 | _aსახელმძღვანელო შეიქმნა ამერიკელი ხალხის კეთილი ნებით, აშშ საერთაშორისო განვითარების სააგენტოს (USAID) მეშვეობით. | ||
| 504 | _aბიბლიოგრაფია ტექსტის შენიშვნებში | ||
| 653 | _aსამართალი | ||
| 653 | _aადამიანის უფლებები | ||
| 942 |
_2udc _cBK |
||